000 00691nam a2200241Ia 4500
003 OSt
005 20220918211641.0
006 a|||||r|||| 00| 0
007 ta
008 220917b |||||||| |||| 00| 0 eng d
024 _a125,111
037 _cTextual
040 _aARTS
_cARTS
_beng
041 _2eng
_aeng
082 _aW:(g), N6
100 _aGourgouris Stathis
_9121143
245 0 _aDream nation
_b enlightenment, colonization and the institution of modern Greece
260 _aStanford
_bStanford Univ Press
_c1996
300 _axii,303p.
_ccm.
650 _aPOLITICAL SCIENCE
942 _hW:(g), N6
_cTEXL
_2CC
999 _c248296
_d248296